Experimentální metody v technice prostředí /

Hlavní autor: Pavelek, Milan, 1950-
Korporativní autor: Vysoké učení technické v Brně. Fakulta strojního inženýrství
Další autoři: Štětina, Josef, 1963-
Jazyk: Čeština
Vydáno: Brno : Akademické nakladatelství CERM, 2007
Vydání: Vyd. 3., V Akademickém nakladatelství CERM 1.
Edice: Učební texty vysokých škol
Témata:
Fyzický popis: 215 s. : il. ; 30 cm
Knihy
Uloženo v:
LEADER 01959nam a2200481 a 4500
001 nkc20071719066
003 CZ PrNK
005 20160616113139.0
007 ta
008 080117s2007 xr a e p 000 0 cze
015 |a cnb001719066 
020 |a 978-80-214-3426-4  |q (Vysoké učení technické ;  |q brož.) 
035 |a (OCoLC)228593050 
040 |a ABA001  |b cze  |d OLA001 
072 7 |a 53  |x Fyzika  |2 Konspekt  |9 6 
072 7 |a 37.016  |x Učební osnovy. Vyučovací předměty. Učebnice  |2 Konspekt  |9 22 
080 |a 53.08  |2 MRF 
080 |a 502.175:53.08  |2 MRF 
080 |a (075.8)  |2 MRF 
100 1 |a Pavelek, Milan,  |d 1950-  |7 jn20010602776  |4 aut 
245 1 0 |a Experimentální metody v technice prostředí /  |c Milan Pavelek, Josef Štětina 
250 |a Vyd. 3., V Akademickém nakladatelství CERM 1. 
260 |a Brno :  |b Akademické nakladatelství CERM,  |c 2007 
300 |a 215 s. :  |b il. ;  |c 30 cm 
490 1 |a Učební texty vysokých škol 
500 |a Nad názvem: Vysoké učení technické v Brně, Fakulta strojního inženýrství 
504 |a Obsahuje bibliografii 
650 0 7 |a fyzikální měření  |7 ph120439  |2 czenas 
650 0 7 |a ekotechnika  |7 ph114433  |2 czenas 
650 0 9 |a physical measurements  |2 eczenas 
650 0 9 |a ecotechnics  |2 eczenas 
655 7 |a učebnice vysokých škol  |7 fd133772  |2 czenas 
655 9 |a textbooks (higher)  |2 eczenas 
700 1 |a Štětina, Josef,  |d 1963-  |7 jo2016918620  |4 aut 
710 2 |a Vysoké učení technické v Brně.  |b Fakulta strojního inženýrství  |7 kn20010709432 
810 2 |a Vysoké učení technické v Brně.  |t Učební texty vysokých škol  |0 s 
910 2 |a BOA001  |b 3-1198.299 
928 9 |a CERM 
990 |a BK 
995 |a 01 
991 |b 200802  |c NOV 
996 6 |b 2610332567  |c 3-1198.299  |l MZK  |r Sklad / do 1 hodiny  |n 2  |p p.v.  |w 000884934  |u 000010  |a 1  |e BOA001  |j MZK50  |s P 
996 7 |b 2610332568  |c 3-1198.299  |l MZK  |r Sklad / do 1 hodiny  |n 17  |p p.v.  |w 000884934  |u 000020  |a 1  |e BOA001  |j MZK50  |s A